| 000 | 00528nam a2200157Ia 4500 | ||
|---|---|---|---|
| 008 | 230907s9999||||xx |||||||||||||| ||und|| | ||
| 082 | _a621.3 | ||
| 100 |
_aAdeel Khan (00000206427) _9116501 |
||
| 245 | 0 | _aAnalytical study of archimedean screw turbine by varying numbers of blades and numbers of helix turns for Shahdara, Islamabad / | |
| 260 |
_aUSPCAS-E, NUST, _bIslamabad : _c2020 |
||
| 300 | _a37 p. | ||
| 520 | _aTH-201 | ||
| 650 | _aMS-EEP Thesis MS Thesis | ||
| 700 |
_aDr Abraiz Khattak _9117724 |
||
| 942 |
_cTHE _2ddc |
||
| 999 |
_c601880 _d601880 |
||